Niemcy - zaznaczanie pól - Statystyki

Ogólne statystyki
  • Ten quiz został rozwiązany 54 razy
  • Średni wynik to 45 z 54
Statystyki odpowiedzi
Zagadnienie Komórka Select % Poprawnych
zdjęcia, które przedstawiają obiekty w Niemczech Nie
100%
nazwy miast, które znajdują się na terytorium Niemiec Berlin Tak
100%
nazwy terytoriów, które stanowią kraje związkowe (landy) Niemiec Brandenburgia Tak
100%
nazwy miast, które znajdują się na terytorium Niemiec Frankfurt nad Menem Tak
100%
nazwy miast, które znajdują się na terytorium Niemiec Monachium Tak
100%
nazwy państw, które graniczą z Niemcami Polska Tak
100%
nazwy państw, które graniczą z Niemcami Rosja Nie
100%
nazwy miast, które znajdują się na terytorium Niemiec Szczecin Nie
100%
nazwy miast, które znajdują się na terytorium Niemiec Amsterdam Nie
98%
nazwy rzek, które przepływają przez terytorium Niemiec Ren Tak
98%
nazwy rzek, które przepływają przez terytorium Niemiec Wisła Nie
98%
nazwy państw, które graniczą z Niemcami Włochy Nie
98%
zdjęcia, które przedstawiają obiekty w Niemczech Tak
95%
nazwy terytoriów, które stanowią kraje związkowe (landy) Niemiec Bawaria Tak
95%
nazwy państw, które graniczą z Niemcami Czechy Tak
95%
nazwy państw, które graniczą z Niemcami Dania Tak
95%
nazwy państw, które graniczą z Niemcami Francja Tak
95%
nazwy miast, które znajdują się na terytorium Niemiec Zurych Nie
95%
zdjęcia postaci, które kiedykolwiek rządziły Niemcami Tak
93%
nazwy państw, które graniczą z Niemcami Belgia Tak
93%
nazwy terytoriów, które stanowią kraje związkowe (landy) Niemiec Saksonia Tak
93%
nazwy rzek, które przepływają przez terytorium Niemiec Sekwana Nie
93%
nazwy rzek, które przepływają przez terytorium Niemiec Wełtawa Nie
93%
zdjęcia, które przedstawiają obiekty w Niemczech Tak
91%
zdjęcia postaci, które kiedykolwiek rządziły Niemcami Nie
91%
nazwy miast, które znajdują się na terytorium Niemiec Brema Tak
91%
nazwy miast, które znajdują się na terytorium Niemiec Drezno Tak
91%
zdjęcia, które przedstawiają obiekty w Niemczech Nie
89%
zdjęcia, które przedstawiają obiekty w Niemczech Nie
89%
nazwy rzek, które przepływają przez terytorium Niemiec Men Tak
89%
nazwy państw, które graniczą z Niemcami Szwajcaria Tak
89%
zdjęcia postaci, które kiedykolwiek rządziły Niemcami Nie
86%
zdjęcia postaci, które kiedykolwiek rządziły Niemcami Tak
86%
zdjęcia postaci, które kiedykolwiek rządziły Niemcami Nie
84%
nazwy terytoriów, które stanowią kraje związkowe (landy) Niemiec Alzacja Nie
84%
nazwy terytoriów, które stanowią kraje związkowe (landy) Niemiec Pomorze Zachodnie Nie
84%
nazwy terytoriów, które stanowią kraje związkowe (landy) Niemiec Hesja Tak
82%
nazwy miast, które znajdują się na terytorium Niemiec Strasburg Nie
80%
nazwy terytoriów, które stanowią kraje związkowe (landy) Niemiec Szlezwik-Holsztyn Tak
80%
zdjęcia postaci, które kiedykolwiek rządziły Niemcami Tak
77%
nazwy rzek, które przepływają przez terytorium Niemiec Dunaj Tak
77%
nazwy państw, które graniczą z Niemcami Liechtenstein Nie
77%
zdjęcia, które przedstawiają obiekty w Niemczech Tak
73%
nazwy rzek, które przepływają przez terytorium Niemiec Łaba Tak
73%
nazwy terytoriów, które stanowią kraje związkowe (landy) Niemiec Nadrenia-Palatynat Tak
73%
zdjęcia, które przedstawiają obiekty w Niemczech Nie
64%
zdjęcia, które przedstawiają obiekty w Niemczech Tak
59%
nazwy rzek, które przepływają przez terytorium Niemiec Sprewa Tak
55%
nazwy rzek, które przepływają przez terytorium Niemiec Wezera Tak
52%
zdjęcia postaci, które kiedykolwiek rządziły Niemcami Tak
48%
nazwy terytoriów, które stanowią kraje związkowe (landy) Niemiec Górna Saksonia Nie
48%
zdjęcia postaci, które kiedykolwiek rządziły Niemcami Tak
45%
zdjęcia postaci, które kiedykolwiek rządziły Niemcami Tak
41%
zdjęcia, które przedstawiają obiekty w Niemczech Tak
39%
Nie znaleziono quizów pasujących do podanych kryteriów
Rozkład punktacji
Procent ludzi z każdym wynikiem
Percentyl według liczby udzielonych odpowiedzi
Twoja historia wyników
Nie rozwiązałeś tego quizu